|
|
|
|
| LEADER |
00000nbm0a2200000 4500 |
| 001 |
107605 |
| 005 |
20240118145951.0 |
| 035 |
|
|
|a (RuTPU)RU\TPU\book\116166
|
| 090 |
|
|
|a 107605
|
| 100 |
|
|
|a 20061227j20061220k y0rusy50 ca
|
| 101 |
0 |
|
|a rus
|
| 102 |
|
|
|a RU
|
| 105 |
|
|
|a a m 001zy
|
| 200 |
1 |
|
|a Влияние предварительного электролиза раствора фонового электролита в анодной камере мембранного электролизера на аналитические сигналы в вольтамперометрии и в спектрофотометрии
|e диссертация на соискание ученой степени кандидата химических наук
|e спец. 02.00.02
|f Д. О. Перевезенцева
|g Томский политехнический университет ; науч. рук. Ю. А. Карбаинов
|
| 210 |
|
|
|a Томск
|c [Б. и.]
|d 2006
|
| 215 |
|
|
|a 182 л.
|c ил.
|
| 320 |
|
|
|a Библиогр.: с. 140-158 (156 назв.)
|
| 606 |
|
|
|a Вольтамперометрия
|2 stltpush
|3 (RuTPU)RU\TPU\subj\3652
|9 32036
|
| 606 |
|
|
|a Спектрофотометрический анализ
|2 stltpush
|3 (RuTPU)RU\TPU\subj\55821
|9 73779
|
| 610 |
1 |
|
|a аналитическая химия
|
| 610 |
1 |
|
|a аналитические пики
|
| 610 |
1 |
|
|a аналитические сигналы
|
| 610 |
1 |
|
|a спектрофотометрия
|
| 610 |
1 |
|
|a растворы
|
| 610 |
1 |
|
|a физические воздействия
|
| 610 |
1 |
|
|a электролизеры
|
| 610 |
1 |
|
|a электролиз
|
| 610 |
1 |
|
|a конструкции
|
| 610 |
1 |
|
|a установки
|
| 610 |
1 |
|
|a электроды
|
| 610 |
1 |
|
|a реактивы
|
| 610 |
1 |
|
|a мембранные электролизеры
|
| 610 |
1 |
|
|a диссертации
|
| 675 |
|
|
|a 543.422.3(04)
|v 3
|
| 675 |
|
|
|a 543.552(04)
|v 3
|
| 686 |
|
|
|a 02.00.02
|2 oksvnk
|
| 700 |
|
1 |
|a Перевезенцева
|b Д. О.
|c химик
|c доцент Томского политехнического университета, кандидат химических наук
|f 1979-
|g Дарья Олеговна
|3 (RuTPU)RU\TPU\pers\27386
|9 12723
|
| 702 |
|
1 |
|a Карбаинов
|b Ю. А.
|c российский электрохимик и электроаналитик
|c профессор Томского политехнического университета
|f 1940-2007
|g Юрий Александрович
|3 (RuTPU)RU\TPU\pers\15852
|4 727
|
| 712 |
0 |
2 |
|a Томский политехнический университет
|3 (RuTPU)RU\TPU\col\376
|
| 801 |
|
1 |
|a RU
|b 63413507
|c 20061227
|g PSBO
|
| 801 |
|
2 |
|a RU
|b 63413507
|c 20150326
|g PSBO
|
| 942 |
|
|
|c BK
|